Non life insurance mathematics (Record no. 161)
[ view plain ]
| 000 -LEADER | |
|---|---|
| fixed length control field | 00488 a2200181 4500 |
| 001 - CONTROL NUMBER | |
| control field | 065907 |
| 003 - CONTROL NUMBER IDENTIFIER | |
| control field | OSt |
| 005 - DATE AND TIME OF LATEST TRANSACTION | |
| control field | 20251209115606.0 |
| 008 - FIXED-LENGTH DATA ELEMENTS--GENERAL INFORMATION | |
| fixed length control field | |
| 082 ## - DEWEY DECIMAL CLASSIFICATION NUMBER | |
| Classification number | 368.32 |
| Item number | M58N |
| 100 1# - MAIN ENTRY--PERSONAL NAME | |
| Personal name | Mikosch, Thomas |
| 245 1# - TITLE STATEMENT | |
| Title | Non life insurance mathematics |
| Statement of responsibility, etc | By Thomas Mikosch |
| 260 ## - PUBLICATION, DISTRIBUTION, ETC. (IMPRINT) | |
| Place of publication, distribution, etc | New York |
| Name of publisher, distributor, etc | Springer |
| Date of publication, distribution, etc | 2009 |
| 300 ## - PHYSICAL DESCRIPTION | |
| Extent | 235p. |
| 500 ## - GENERAL NOTE | |
| General note | English |
| 690 ## - LOCAL SUBJECT ADDED ENTRY--TOPICAL TERM (OCLC, RLIN) | |
| Topical term or geographic name as entry element | Insurance Mathematics; Stochastic processes; Mathematics; Finance |
| 942 ## - ADDED ENTRY ELEMENTS (KOHA) | |
| Source of classification or shelving scheme | Dewey Decimal Classification |
| Koha item type | Books |
| Withdrawn status | Lost status | Source of classification or shelving scheme | Damaged status | Not for loan | Collection code | Home library | Current library | Department | Date acquired | Source of acquisition | Coded location qualifier | Cost, normal purchase price | Inventory number(Invoice/Date) | Full call number | Barcode | Date last seen | Price effective from | Koha item type | Public note |
|---|---|---|---|---|---|---|---|---|---|---|---|---|---|---|---|---|---|---|---|
| Dewey Decimal Classification | General Text Book | Central University Of Rajasthan | Central University Of Rajasthan | Statistics | 07/03/2012 | STT | Parnay Boo | 325.00 | 171/11.12.2009 | 368.32 M58N | 194 | 21/11/2024 | 02/09/2020 | Books | Springer, New Delhi | ||||
| Dewey Decimal Classification | General Text Book | Central University Of Rajasthan | Central University Of Rajasthan | Statistics | 07/03/2012 | STT | Parnay Boo | 325.00 | 171/11.12.2009 | 368.32 M58N | 193 | 21/11/2024 | 02/09/2020 | Books | Springer, New Delhi |
